书目信息 |
| 题名: |
中国古代战争战例选编
|
|
| 作者: | ;军事科学院战争理论研究部 编 | |
| 分册: | 第一册 | |
| 出版信息: | 北京 中华书局 1981.11 |
|
| 页数: | 262页 | |
| 开本: | 21cm | |
| 丛书名: | ||
| 单 册: | ||
| 中图分类: | E89 | |
| 科图分类: | ||
| 主题词: | 兵法--古代 , 作战方法--古代 | |
| 电子资源: | ||
| ISBN: | ||
| 000 | 00644nam0 2200205 45 | |
| 001 | 0301021456 | |
| 005 | 20070728154534.60 | |
| 010 | @dCNY1.30 | |
| 091 | @a5018.18 | |
| 100 | @a20030102d1981 km y0chiy0120 ea | |
| 101 | 0 | @achi |
| 200 | 1 | @a中国古代战争战例选编@AZhong Guo Gu Dai Zhan Zheng Zhan Li Xuan Bian@h第一册@f军事科学院战争理论研究部编@FJun Shi Ke Xue Yuan Zhan Zheng Li Lun Yan Jiu Bu Bian |
| 210 | @a北京@c中华书局@d1981.11 | |
| 215 | @a262页@d21cm | |
| 606 | 0 | @a兵法@x古代 |
| 606 | 0 | @a作战方法@x古代 |
| 690 | @aE89@v3 | |
| 711 | 02 | @a军事科学院战争理论研究部@4编 |
| 801 | @aCN@bTSTC@c20070728 | |
| 905 | @dE89@e41:1@f2@b71463-464 | |
| 中国古代战争战例选编.第一册/军事科学院战争理论研究部编.-北京:中华书局,1981.11 |
| 262页;21cm |
| ISBN :CNY1.30 |
| ● |
| 相关链接 |
|
|
|
|
正题名:中国古代战争战例选编
索取号:E89/41:1
 
预约/预借
| 序号 | 登录号 | 条形码 | 馆藏地/架位号 | 状态 | 备注 |
| 1 | 0071461 | 001265277 | 密集书库/ [索取号:E89/41:1] | 在馆 | |
| 2 | 0071462 | 001265231 | 密集书库/ [索取号:E89/41:1] | 在馆 | |
| 3 | 0071463 | 001263527 | 第一借阅区/ [索取号:E89/41:1] | 在馆 | |
| 4 | 0071464 | 001263536 | 第一借阅区/ [索取号:E89/41:1] | 在馆 | |
| 5 | 0071465 | 001263545 | 第一样本阅览室/ [索取号:E89/41:1] | 在馆 | |
| 6 | 0424921 | 204249214 | 密集书库/ [索取号:E89/41:1] | 在馆 | |
| 7 | 0439997 | 204399971 | 密集书库/ [索取号:E89/41:1] | 在馆 | |
| 8 | 0440946 | 204409461 | 密集书库/ [索取号:E89/41:1] | 在馆 | |
| 9 | 0440947 | 204409470 | 密集书库/ [索取号:E89/41:1] | 在馆 | |
| 10 | 0464801 | 204648015 | 密集书库/ [索取号:E89/41:1] | 在馆 | |
| 11 | 0785616 | 207856168 | 密集书库/ [索取号:E89/41:1] | 在馆 |